Vyřeší ekologická ekonomie problémy našeho životního prostředí?

Pred ekologickými problémami dnes stojí celý svet. Uvedenie hlavných vinníkov ekologickej krízy. Vznik a význam ekologickej ekonómie, ktorá vychádza z prehodnoteného prístupu k chápaniu prírody a hodnotenia ekonomického rozvoja. Charakteristika špecifických čęt čs. situácie.

Salvato in:
Dettagli Bibliografici
Autore principale: Cudlínová, Eva
Natura: Capitolo di libro
Lingua:ceco
Soggetti:
Tags: Aggiungi Tag
Nessun Tag, puoi essere il primo ad aggiungerne!!

MARC

LEADER 00000naa a2200000 4500
001 r009934
005 20220831090602.0
041 0 |a cze 
044 |a [CS] 
245 1 0 |a Vyřeší ekologická ekonomie problémy našeho životního prostředí?  |c Eva Cudlínová 
520 |a Pred ekologickými problémami dnes stojí celý svet. Uvedenie hlavných vinníkov ekologickej krízy. Vznik a význam ekologickej ekonómie, ktorá vychádza z prehodnoteného prístupu k chápaniu prírody a hodnotenia ekonomického rozvoja. Charakteristika špecifických čęt čs. situácie. 
610 2 0 |a problémy globálne 
610 2 0 |a ekológia 
610 2 0 |a ekonómia 
610 2 0 |a rozvoj hospodársky 
610 2 0 |a prostredie životné 
610 2 0 |a ČSFR 
100 1 |a Cudlínová, Eva